[Event "Noisiel op 9th"]
[Site "Noisiel"]
[Date "2024.04.11"]
[Round "9"]
[White "Razafindratsima, Timothe"]
[Black "Bottazzi, Ulysse"]
[Result "1-0"]
[WhiteElo "2438"]
[BlackElo "2327"]
[PlyCount "55"]
[EventDate "2024.04.06"]
[EventType "swiss"]
[EventRounds "9"]
[EventCountry "FRA"]
[SourceTitle "CB16_2024"]
[SourceDate "2024.04.17"]
[SourceVersion "1"]
[SourceVersionDate "2024.04.17"]
[SourceQuality "1"]

1. e4 c5 2. Nf3 d6 3. d4 cxd4 4. Nxd4 Nf6 5. Nc3 a6 6. Bg5 e6 7. Qf3 Nbd7 8. 0-0-0 Be7 9. g4 Qc7 10. Bd2 Ne5 11. Qg2 b5 12. f4 Nc4 13. Bxc4 bxc4 14. g5 Nd7 15. Kb1 Rb8 16. Ka1 Nc5 17. Bc1 0-0 18. f5 Re8 19. f6 Bf8 20. h4 Nd7 21. h5 Ne5 22. g6 fxg6 23. hxg6 hxg6 24. f7+ Kxf7 25. Rdf1+ Ke7 26. Nd5+ exd5 27. Bg5+ Kd7 28. Qh3+ 1-0

[Event "Wch U18"]
[Site "Montesilvano"]
[Date "2023.11.22"]
[Round "9"]
[White "Goroshkov, Maksym"]
[Black "Razafindratsima, Timothe"]
[Result "1/2-1/2"]
[WhiteElo "2303"]
[BlackElo "2462"]
[PlyCount "72"]
[EventDate "2023.11.13"]
[EventType "swiss"]
[EventRounds "11"]
[EventCountry "ITA"]
[SourceTitle "CB48_2023"]
[SourceDate "2023.11.29"]
[SourceVersion "1"]
[SourceVersionDate "2023.11.29"]
[SourceQuality "1"]

1. e4 c5 2. Nf3 Nc6 3. Bb5 g6 4. Bxc6 bxc6 5. 0-0 Bg7 6. Re1 Qc7 7. d3 d6 8. e5 dxe5 9. Nbd2 Nh6 10. Nc4 f6 11. Be3 Nf7 12. Bxc5 0-0 13. Qd2 Bg4 14. Qa5 Qxa5 15. Nxa5 Bxf3 16. gxf3 Ng5 17. Kg2 Ne6 18. b4 Kf7 19. Rab1 h5 20. Be3 Rfc8 21. a4 g5 22. h3 Nf8 23. Rb3 Ng6 24. Kf1 e6 25. c4 Bf8 26. b5 c5 27. Nc6 Bd6 28. Reb1 Rc7 29. Bd2 Rac8 30. Ba5 Rd7 31. Bd2 Nh4 32. Ke2 Nf5 33. Be3 Kg6 34. Rg1 Kf7 35. Rgb1 Kg6 36. Rg1 Kf7 1/2-1/2

[Event "Wch U18"]
[Site "Montesilvano"]
[Date "2023.11.13"]
[Round "1"]
[White "Posaskov, Nikita"]
[Black "Razafindratsima, Timothe"]
[Result "0-1"]
[WhiteElo "2169"]
[BlackElo "2462"]
[PlyCount "86"]
[EventDate "2023.11.13"]
[EventType "swiss"]
[EventRounds "11"]
[EventCountry "ITA"]
[SourceTitle "CB48_2023"]
[SourceDate "2023.11.29"]
[SourceVersion "1"]
[SourceVersionDate "2023.11.29"]
[SourceQuality "1"]

1. Nf3 Nf6 2. c4 e6 3. Nc3 c5 4. g3 b6 5. Bg2 Bb7 6. 0-0 Be7 7. b3 0-0 8. Bb2 d5 9. cxd5 exd5 10. d4 Re8 11. Rc1 Bf8 12. Qc2 Nc6 13. Rfd1 h6 14. e3 Rc8 15. dxc5 bxc5 16. Qb1 Nb4 17. Ne1 Qd7 18. Na4 d4 19. exd4 Be4 20. Bxe4 Nxe4 21. Nxc5 Bxc5 22. dxc5 Nd2 23. Rxd2 Qxd2 24. a3 Rxc5 25. Rd1 Rxe1+ 26. Rxe1 Nd3 27. Bd4 Nxe1 28. Bxc5 Nf3+ 29. Kf1 Qd5 30. Ke2 Nxh2 31. Be3 Qf3+ 32. Kd2 Ng4 33. Qe1 Qc6 34. Qe2 Qd6+ 35. Kc2 Nxe3+ 36. Qxe3 Qxa3 37. Qe8+ Qf8 38. Qe3 Qb8 39. Kb2 Qc7 40. Ka3 Qa5+ 41. Kb2 Kh7 42. Qd3+ g6 43. Qd7 Qe5+ 0-1

[Event "EU-Cup 38th"]
[Site "Durres"]
[Date "2023.10.07"]
[Round "7.4"]
[White "Samadov, Read"]
[Black "Razafindratsima, Timothe"]
[Result "1-0"]
[WhiteElo "2492"]
[BlackElo "2459"]
[PlyCount "93"]
[EventDate "2023.10.01"]
[EventType "team-swiss"]
[EventRounds "7"]
[EventCountry "ALB"]
[SourceTitle "EXT 2024"]
[Source "ChessBase"]
[SourceDate "2023.10.10"]
[SourceVersion "1"]
[SourceVersionDate "2023.10.10"]
[SourceQuality "1"]
[WhiteTeam "Vugar Gashimov"]
[BlackTeam "Chartres"]
[WhiteTeamCountry "AZE"]
[BlackTeamCountry "FRA"]

1. Nf3 Nf6 2. c4 e6 3. g3 d5 4. d4 dxc4 5. Bg2 c6 6. 0-0 b5 7. Ne5 Bb7 8. a4 a6 9. b3 cxb3 10. Qxb3 Qxd4 11. Bb2 Qb4 12. Qc2 Qc5 13. Qd3 Be7 14. Nd2 Qb6 15. Ne4 Nd5 16. Nxf7 Kxf7 17. Qf3+ Bf6 18. Ng5+ Ke7 19. e4 Bxg5 20. exd5 cxd5 21. a5 Qd6 22. Qg4 Bf6 23. Ba3 Nc6 24. Bxd6+ Kxd6 25. Rfe1 Rhe8 26. Rad1 Ne5 27. Qb4+ Kd7 28. Qf4 Nf7 29. Qg4 Kd6 30. Qh5 Ne5 31. f4 Nc4 32. f5 e5 33. Bxd5 Bxd5 34. Qf7 Rad8 35. Rxd5+ Kc6 36. Rxd8 Rxd8 37. Qa7 Bg5 38. Qxa6+ Kc5 39. h4 Bf6 40. Rb1 Nd2 41. Rxb5+ Kd4 42. Qb6+ Kd3 43. Qxd8+ Bxd8 44. Rd5+ Ke2 45. Rxd8 Nf3+ 46. Kg2 Ne1+ 47. Kh3 1-0

[Event "EU-Cup 38th"]
[Site "Durres"]
[Date "2023.10.06"]
[Round "6.4"]
[White "Razafindratsima, Timothe"]
[Black "Boraso, Alessio"]
[Result "1-0"]
[WhiteElo "2459"]
[BlackElo "2258"]
[PlyCount "157"]
[EventDate "2023.10.01"]
[EventType "team-swiss"]
[EventRounds "7"]
[EventCountry "ALB"]
[SourceTitle "EXT 2024"]
[Source "ChessBase"]
[SourceDate "2023.10.10"]
[SourceVersion "1"]
[SourceVersionDate "2023.10.10"]
[SourceQuality "1"]
[WhiteTeam "Chartres"]
[BlackTeam "Padova Obiettivo"]
[WhiteTeamCountry "FRA"]
[BlackTeamCountry "ITA"]

1. e4 d5 2. d4 e6 3. e5 c5 4. c3 Nc6 5. Nf3 Bd7 6. Be2 Nge7 7. Na3 cxd4 8. cxd4 Nf5 9. Nc2 Qa5+ 10. Kf1 Be7 11. h4 h5 12. g3 Qb6 13. Bd3 a5 14. Kg2 Nb4 15. Nxb4 axb4 16. Bxf5 exf5 17. Bg5 Bxg5 18. Nxg5 Rc8 19. Re1 Rc4 20. Qf3 Be6 21. Rad1 g6 22. Qe3 Kd7 23. Nh3 Rhc8 24. Nf4 Ke8 25. a3 R8c6 26. Rd3 bxa3 27. bxa3 Qa5 28. Rb1 b6 29. Rbd1 Qa4 30. Ne2 Rc2 31. R1d2 Rxd2 32. Rxd2 Qc4 33. Rb2 Bc8 34. Qh6 Ba6 35. Qh8+ Ke7 36. Qb8 Qd3 37. Kh2 Qxa3 38. Qa7+ Kf8 39. Rd2 Qa5 40. Rb2 Qa3 41. Rd2 Qa5 42. Rb2 Bxe2 43. Qb8+ Kg7 44. Rxe2 Qb5 45. Ra2 Qf1 46. Qd8 f4 47. gxf4 Qc1 48. Qg5 b5 49. Qg3 Qb1 50. Ra7 Rc1 51. Qf3 Qf5 52. Qe3 Qb1 53. Qf3 Qf5 54. Re7 Re1 55. Kg2 Re4 56. Qh3 Qxh3+ 57. Kxh3 Kf8 58. Rd7 Rxd4 59. Kg3 Rd3+ 60. f3 b4 61. f5 gxf5 62. Kf4 b3 63. Kg5 Ke8 64. Rb7 Rc3 65. Kf6 d4 66. Rxf7 Rc6+ 67. e6 d3 68. Rh7 Kd8 69. Rd7+ Ke8 70. Rxd3 Rb6 71. Rc3 Rb8 72. Rc1 b2 73. Rg1 Kd8 74. e7+ Kc7 75. Kf7 Kd6 76. e8Q Rxe8 77. Kxe8 Ke5 78. Kf7 f4 79. Rb1 1-0

[Event "Purtichju op"]
[Site "Purtichju"]
[Date "2023.07.07"]
[Round "9"]
[White "Aarav, Dengla"]
[Black "Razafindratsima, Timothe"]
[Result "0-1"]
[WhiteElo "2343"]
[BlackElo "2446"]
[PlyCount "82"]
[EventDate "2023.07.01"]
[EventType "swiss"]
[EventRounds "9"]
[EventCountry "FRA"]
[SourceTitle "CBM 215 Extra"]
[Source "ChessBase"]
[SourceDate "2023.09.30"]
[SourceVersion "1"]
[SourceVersionDate "2023.09.30"]
[SourceQuality "1"]

1. e4 c5 2. Nf3 Nc6 3. Bb5 g6 4. Bxc6 bxc6 5. d4 Bg7 6. dxc5 Qa5+ 7. Nbd2 Qxc5 8. 0-0 Nf6 9. h3 d6 10. a3 0-0 11. b4 Qb6 12. Bb2 c5 13. Rb1 Rd8 14. e5 dxe5 15. Bxe5 Be6 16. Qe2 Rac8 17. c4 Qa6 18. b5 Qa4 19. Rfc1 Rd7 20. Rc3 Rcd8 21. Nb3 Rc8 22. Nbd2 Bh6 23. Ra1 a6 24. bxa6 Qxa6 25. a4 Rcd8 26. Nb3 Qc6 27. Re1 Bf5 28. a5 Bd3 29. Nbd4 cxd4 30. Rxd3 Qxc4 31. Bxf6 exf6 32. Red1 Bf8 33. Nd2 Qa2 34. Qf3 f5 35. Nb3 Bb4 36. h4 Bc3 37. Nc1 Qxa5 38. Ne2 Bb4 39. Nxd4 Qa6 40. Qf4 Bc5 41. Kh1 Bxd4 0-1

[Event "Purtichju op"]
[Site "Purtichju"]
[Date "2023.07.05"]
[Round "7"]
[White "Razafindratsima, Timothe"]
[Black "Anwesh, Upadhyaya"]
[Result "0-1"]
[WhiteElo "2446"]
[BlackElo "2356"]
[PlyCount "104"]
[EventDate "2023.07.01"]
[EventType "swiss"]
[EventRounds "9"]
[EventCountry "FRA"]
[SourceTitle "CBM 215 Extra"]
[Source "ChessBase"]
[SourceDate "2023.09.30"]
[SourceVersion "1"]
[SourceVersionDate "2023.09.30"]
[SourceQuality "1"]

1. e4 e5 2. Nf3 Nf6 3. Nxe5 d6 4. Nf3 Nxe4 5. Nc3 Nxc3 6. dxc3 Be7 7. Be3 Nc6 8. Qd2 Be6 9. 0-0-0 Qd7 10. Kb1 a6 11. Ng5 Bxg5 12. Bxg5 f6 13. Bf4 0-0-0 14. h4 Rhe8 15. h5 Re7 16. Rh4 Rde8 17. Bg3 g5 18. hxg6 hxg6 19. b3 Bf5 20. f3 g5 21. Ra4 Re3 22. Kb2 Qh7 23. Bf2 R3e5 24. g4 Bd7 25. Bd3 Qh3 26. f4 gxf4 27. Qxf4 Nb8 28. Bf1 Qh8 29. Rc4 Be6 30. Rcd4 Nc6 31. Ra4 Rg5 32. Qg3 Qg7 33. Re1 Ne5 34. Be2 Rg8 35. Qe3 Bxg4 36. Qa7 Bxe2 37. Rxe2 c5 38. b4 Qd7 39. Rxe5 fxe5 40. Ra5 Qc7 41. Bxc5 e4 42. Be3 Rxa5 43. bxa5 Re8 44. Qd4 Qc5 45. Kb3 Qxd4 46. cxd4 d5 47. c4 Rf8 48. Bh6 Rf3+ 49. Kb4 e3 50. Kc3 dxc4 51. Kc2 Kd7 52. Kd1 c3 0-1

[Event "Purtichju op"]
[Site "Purtichju"]
[Date "2023.07.02"]
[Round "3"]
[White "Razafindratsima, Timothe"]
[Black "Celik, Hasan Huseyin"]
[Result "1/2-1/2"]
[WhiteElo "2446"]
[BlackElo "2405"]
[PlyCount "104"]
[EventDate "2023.07.01"]
[EventType "swiss"]
[EventRounds "9"]
[EventCountry "FRA"]
[SourceTitle "CBM 215 Extra"]
[Source "ChessBase"]
[SourceDate "2023.09.30"]
[SourceVersion "1"]
[SourceVersionDate "2023.09.30"]
[SourceQuality "1"]

1. e4 e6 2. d4 d5 3. e5 c5 4. c3 Qb6 5. Nf3 Bd7 6. Be2 Bb5 7. dxc5 Bxc5 8. b4 Bf8 9. Bxb5+ Qxb5 10. a4 Qd7 11. 0-0 Nc6 12. Nbd2 Nge7 13. Nb3 Ng6 14. Re1 Qc7 15. Qe2 Be7 16. h4 h6 17. g3 Nf8 18. Bd2 Nd7 19. c4 Nb6 20. cxd5 Nxd5 21. b5 Ncb4 22. Rec1 Qd7 23. Nc5 Bxc5 24. Rxc5 a5 25. Qe4 0-0 26. Qg4 f5 27. exf6 Rxf6 28. Ne5 Qd6 29. Qd4 b6 30. Rc4 Raf8 31. f4 Rd8 32. Rac1 Nxf4 33. Qxd6 Ne2+ 34. Kg2 Rxd6 35. Bxb4 axb4 36. R1c2 Nd4 37. Rb2 b3 38. Rc8+ Rf8 39. Rxf8+ Kxf8 40. Nc4 Rd7 41. Rd2 Ke8 42. Kf2 Rf7+ 43. Ke3 Nc2+ 44. Ke4 Rc7 45. Nb2 Na3 46. Rd3 Nc4 47. Rc3 Nd2+ 48. Kd3 Rd7+ 49. Ke3 Nf1+ 50. Ke2 Nd2 51. Ke3 Nf1+ 52. Ke2 Nd2 1/2-1/2

[Event "FRA-ch U18"]
[Site "Agen"]
[Date "2023.04.24"]
[Round "2"]
[White "Allard Nedellec, Guilhem"]
[Black "Razafindratsima, Timothe"]
[Result "0-1"]
[WhiteElo "1848"]
[BlackElo "2442"]
[PlyCount "100"]
[EventDate "2023.04.23"]
[EventType "swiss"]
[EventRounds "9"]
[EventCountry "FRA"]
[SourceTitle "CBM 214 Extra"]
[Source "ChessBase"]
[SourceDate "2023.07.31"]
[SourceVersion "1"]
[SourceVersionDate "2023.07.31"]
[SourceQuality "1"]

1. e4 c5 2. Nf3 d6 3. c4 Nc6 4. d4 cxd4 5. Nxd4 e5 6. Nc2 Nf6 7. Nc3 Be7 8. Be2 Be6 9. 0-0 0-0 10. Be3 Rc8 11. f3 Nh5 12. Qd2 Nf4 13. Nd5 Nxe2+ 14. Qxe2 f5 15. Rad1 f4 16. Bf2 Qe8 17. Kh1 Qf7 18. b3 Rfd8 19. Rd3 Bf8 20. Rfd1 g5 21. Bg1 Kh8 22. g4 fxg3 23. hxg3 Qg6 24. Bh2 Bg7 25. Rg1 h5 26. Ncb4 Rd7 27. Nc2 Rf8 28. Rdd1 Rdf7 29. Rdf1 Bh3 30. Rf2 Re8 31. Re1 Nd4 32. Nxd4 exd4 33. Qd3 Bd7 34. Ree2 h4 35. gxh4 gxh4 36. Rg2 Qh6 37. f4 Be6 38. Rg1 Qh7 39. Rgg2 Bxd5 40. cxd5 Rc7 41. f5 Rc3 42. Qd1 Be5 43. Bxe5+ dxe5 44. Rc2 Rg3 45. d6 Reg8 46. Rc7 Qh6 47. Rcc2 d3 48. Rcd2 Qg5 49. Qf1 Rxg2 50. Rxg2 Qxg2+ 0-1

[Event "Vandoeuvre op 19th"]
[Site "Vandoeuvre"]
[Date "2022.12.19"]
[Round "4"]
[White "Celik, Hasan Huseyin"]
[Black "Razafindratsima, Timothe"]
[Result "1/2-1/2"]
[WhiteElo "2367"]
[BlackElo "2452"]
[PlyCount "124"]
[EventDate "2022.12.18"]
[EventType "swiss"]
[EventRounds "9"]
[EventCountry "FRA"]
[SourceTitle "CBM 211 Extra"]
[Source "ChessBase"]
[SourceDate "2023.01.31"]
[SourceVersion "1"]
[SourceVersionDate "2023.01.31"]
[SourceQuality "1"]

1. e4 c5 2. Nf3 d6 3. d4 cxd4 4. Nxd4 Nf6 5. Nc3 a6 6. Bg5 Nbd7 7. Bc4 Qb6 8. Bb3 e6 9. Bxf6 Nxf6 10. Qd2 Be7 11. 0-0-0 0-0 12. f4 Qc7 13. g4 b5 14. g5 b4 15. Ncb5 axb5 16. gxf6 Bxf6 17. Nxb5 Qe7 18. Qxd6 Qxd6 19. Nxd6 Ba6 20. e5 Be7 21. Rd4 Rab8 22. Rhd1 g6 23. Ne4 Bb5 24. Nf6+ Kg7 25. Nd7 Bxd7 26. Rxd7 Bc5 27. Kd2 Rfe8 28. Ke2 Re7 29. Rxe7 Bxe7 30. Rd7 Kf8 31. Kf3 Rd8 32. Rxd8+ Bxd8 33. Ke4 Bb6 34. Kd3 Bg1 35. h3 Bh2 36. Ke4 Ke7 37. a3 bxa3 38. bxa3 Bg1 39. a4 Bb6 40. Bc4 Ba5 41. Bb5 Bd2 42. Bc6 Kd8 43. c4 Be1 44. Kd3 Bb4 45. Kd4 Bd2 46. c5 Be1 47. Kd3 Bb4 48. Kc4 Bd2 49. Kb5 Bxf4 50. a5 Bxe5 51. a6 Bb8 52. Kb6 Ba7+ 53. Kxa7 Kc7 54. h4 f5 55. Ka8 e5 56. Bd5 e4 57. a7 e3 58. Bc4 h6 59. c6 g5 60. hxg5 hxg5 61. Be2 g4 62. Bxg4 fxg4 1/2-1/2

[Event "BL2-Sued 2223"]
[Site "Germany"]
[Date "2022.10.23"]
[Round "2.5"]
[White "Mueller, Olaf"]
[Black "Razafindratsima, Timothe"]
[Result "0-1"]
[WhiteElo "2306"]
[BlackElo "2440"]
[PlyCount "106"]
[EventDate "2022.10.22"]
[EventType "team-tourn"]
[EventRounds "9"]
[EventCountry "GER"]
[SourceTitle "EXT 2024"]
[Source "ChessBase"]
[SourceDate "2023.10.10"]
[SourceVersion "1"]
[SourceVersionDate "2023.10.10"]
[SourceQuality "1"]
[WhiteTeam "Walldorf"]
[BlackTeam "Bad Mergentheim"]
[WhiteTeamCountry "GER"]
[BlackTeamCountry "GER"]

1. d4 Nf6 2. c4 g6 3. Nc3 d5 4. cxd5 Nxd5 5. g3 Bg7 6. Bg2 Nb6 7. Nf3 Nc6 8. 0-0 0-0 9. e3 e5 10. d5 Ne7 11. e4 Bg4 12. Qd3 Nbc8 13. Ng5 h6 14. f3 Bd7 15. Nh3 Nd6 16. Be3 f5 17. a4 g5 18. Nf2 Qe8 19. Rfc1 f4 20. Bc5 fxg3 21. hxg3 a6 22. b4 b6 23. Be3 Qg6 24. Ne2 Ra7 25. g4 Qe8 26. Qd1 Ng6 27. a5 Qd8 28. Ng3 Rb7 29. axb6 cxb6 30. Rxa6 Bb5 31. Ra3 Nh4 32. Rac3 Ra7 33. Rc6 Bxc6 34. dxc6 Raf7 35. Nf5 Nhxf5 36. exf5 Qc7 37. Bf1 e4 38. Bg2 b5 39. Qd5 Nc4 40. Bc5 e3 41. Ne4 Rd8 42. Qe6 e2 43. Re1 Qf4 44. f6 Bf8 45. c7 Qxc7 46. Qf5 Kh8 47. Bxf8 Rdxf8 48. Qxb5 Nd6 49. Qxe2 Nxe4 50. Qxe4 Rxf6 51. Qd4 Qb6 52. Re4 Qxd4+ 53. Rxd4 Rb8 0-1

[Event "BL2-Sued 2223"]
[Site "Germany"]
[Date "2022.10.22"]
[Round "1.5"]
[White "Razafindratsima, Timothe"]
[Black "Boguslawski, Oleg"]
[Result "1-0"]
[WhiteElo "2440"]
[BlackElo "2380"]
[PlyCount "67"]
[EventDate "2022.10.22"]
[EventType "team-tourn"]
[EventRounds "9"]
[EventCountry "GER"]
[SourceTitle "EXT 2024"]
[Source "ChessBase"]
[SourceDate "2023.10.10"]
[SourceVersion "1"]
[SourceVersionDate "2023.10.10"]
[SourceQuality "1"]
[WhiteTeam "Bad Mergentheim"]
[BlackTeam "Speyer Schwegenheim"]
[WhiteTeamCountry "GER"]
[BlackTeamCountry "GER"]

1. e4 e5 2. Nf3 Nc6 3. d4 exd4 4. Nxd4 Nf6 5. Nxc6 bxc6 6. e5 Qe7 7. Qe2 Nd5 8. h4 d6 9. c4 Nb6 10. exd6 cxd6 11. Be3 Be6 12. Nd2 Qb7 13. g3 c5 14. Rh2 Be7 15. Bg2 d5 16. b4 Rc8 17. Nb3 cxb4 18. Bxb6 Qxb6 19. Bxd5 Bxd5 20. cxd5 0-0 21. Kf1 Bf6 22. Rd1 Rfd8 23. g4 a5 24. Rh3 a4 25. Nc1 Bc3 26. Re3 h6 27. d6 Qc6 28. Qd3 Qh1+ 29. Ke2 Qxh4 30. Qe4 Rd7 31. a3 Qg5 32. Rd5 Qf6 33. axb4 a3 34. Rc5 1-0

[Event "Wch U16"]
[Site "Mamaia"]
[Date "2022.09.15"]
[Round "10"]
[White "Droin, Augustin"]
[Black "Razafindratsima, Timothe"]
[Result "1-0"]
[WhiteElo "2408"]
[BlackElo "2431"]
[PlyCount "81"]
[EventDate "2022.09.06"]
[EventType "swiss"]
[EventRounds "11"]
[EventCountry "ROU"]
[SourceTitle "CBM 210 Extra"]
[Source "ChessBase"]
[SourceDate "2022.11.30"]
[SourceVersion "1"]
[SourceVersionDate "2022.11.30"]
[SourceQuality "1"]

1. e4 c5 2. Nf3 Nc6 3. Bb5 g6 4. 0-0 Bg7 5. d3 d6 6. Re1 Bd7 7. c3 Ne5 8. Nxe5 dxe5 9. Bc4 Qc7 10. Qb3 e6 11. a4 Ne7 12. Be3 0-0 13. a5 Rac8 14. Nd2 h6 15. Bb5 Rfd8 16. Red1 Kh7 17. Bxd7 Rxd7 18. Qc4 Nd5 19. exd5 exd5 20. Qh4 d4 21. Bg5 f5 22. Nf3 Qc6 23. Bxh6 Bxh6 24. Nxe5 Qe6 25. Nxd7 Qxd7 26. Re1 Re8 27. cxd4 cxd4 28. Rxe8 Qxe8 29. Qxd4 Qe2 30. Qxa7 Qxb2 31. Rf1 Bg7 32. Qb6 Qa3 33. Qxb7 Qxa5 34. Qf3 Bd4 35. h4 Qd2 36. g3 Kh6 37. Kg2 Qc3 38. Rb1 Qd2 39. h5 Qc2 40. Qf4+ g5 41. Qxd4 1-0

[Event "Spilimbergo op 20th"]
[Site "Spilimbergo"]
[Date "2022.08.12"]
[Round "6"]
[White "Panesar, Vedant"]
[Black "Razafindratsima, Timothe"]
[Result "1-0"]
[WhiteElo "2318"]
[BlackElo "2418"]
[PlyCount "97"]
[EventDate "2022.08.09"]
[EventType "swiss"]
[EventRounds "9"]
[EventCountry "ITA"]
[SourceTitle "CBM 209 Extra"]
[Source "ChessBase"]
[SourceDate "2022.09.30"]
[SourceVersion "1"]
[SourceVersionDate "2022.09.30"]
[SourceQuality "1"]

1. d4 Nf6 2. c4 g6 3. Nc3 d5 4. cxd5 Nxd5 5. e4 Nxc3 6. bxc3 Bg7 7. Nf3 c5 8. Rb1 0-0 9. Be2 Nc6 10. d5 Ne5 11. Nxe5 Bxe5 12. Qd2 e6 13. f4 Bc7 14. 0-0 exd5 15. exd5 Ba5 16. d6 Rb8 17. Bf3 b5 18. Bb2 Be6 19. Rbd1 Qd7 20. Rfe1 Rfe8 21. h3 Bc4 22. Bg4 f5 23. Bf3 Kh8 24. Re5 Rxe5 25. fxe5 Re8 26. Re1 Be6 27. Bd5 c4 28. Bxe6 Rxe6 29. Qd5 Bb6+ 30. Kh1 g5 31. Ba3 Ba5 32. Bb4 Bd8 33. a4 bxa4 34. Qxc4 g4 35. Qd5 f4 36. Rf1 gxh3 37. Rxf4 hxg2+ 38. Kxg2 Rg6+ 39. Kf2 Qh3 40. Rf8+ Kg7 41. Rg8+ Kh6 42. Rxg6+ hxg6 43. e6 Bh4+ 44. Ke2 Bg5 45. Qe4 Qh5+ 46. Qf3 Qh2+ 47. Kf1 a3 48. d7 a2 49. Bf8+ 1-0